[Event "DSOL 04 Liga Gr-B 1st"]
[Site "Playchess.com INT"]
[Date "2020.06.24"]
[Round "1.4"]
[White "Ilchizadeh Kavgani, Masih"]
[Black "Alyousef, Khaled"]
[Result "1-0"]
[WhiteElo "1537"]
[BlackElo "1339"]
[PlyCount "63"]
[EventDate "2020.06.22"]
[EventType "team-tourn (rapid)"]
[EventCountry "GER"]
[SourceTitle "EXT 2021"]
[Source "ChessBase"]
[SourceDate "2020.10.23"]
[SourceVersion "1"]
[SourceVersionDate "2020.10.23"]
[SourceQuality "1"]
[WhiteTeam "Bielefeld Sieker"]
[BlackTeam "Lingen"]
[WhiteTeamCountry "GER"]
[BlackTeamCountry "GER"]

1. d4 d5 2. Bf4 e6 3. Nf3 c5 4. e3 Nf6 5. Nbd2 Nc6 6. c4 cxd4 7. exd4 dxc4 8. Nxc4 Bb4+ 9. Bd2 Be7 10. Bc3 0-0 11. Be2 b5 12. Nce5 Bb7 13. 0-0 b4 14. Nxc6 Bxc6 15. Bd2 Bc5 16. dxc5 Qb8 17. Nd4 Be4 18. f3 Qe5 19. Bxb4 Rfd8 20. fxe4 Rxd4 21. Bc3 Rxd1 22. Bxe5 Rd2 23. Ba6 Nxe4 24. Bb7 Rad8 25. Bxe4 Re2 26. Rae1 Rdd2 27. Bc3 Rxe1 28. Rxe1 Rd7 29. c6 Rd8 30. c7 Rc8 31. Rd1 f6 32. Rd8+ 1-0